А. М. Реизов Пруд (анализ) /
Elmentve itt :
| Szerző: | |
|---|---|
| További közreműködők: | |
| Dokumentumtípus: | Szakdolgozat |
| Megjelent: |
1990
|
| Tárgyszavak: | |
| Online Access: | http://diploma.bibl.u-szeged.hu/133273 |
| LEADER | 00622nta a2200181 i 4500 | ||
|---|---|---|---|
| 001 | dipl133273 | ||
| 005 | 20230417094049.0 | ||
| 008 | 230406s1990 hu om 0|| rus d | ||
| 040 | |a SZTE Diploma Repozitórium |b hun | ||
| 041 | |a rus | ||
| 100 | 1 | |a Székely Angéla | |
| 245 | 1 | 0 | |a А. М. Реизов |h [elektronikus dokumentum] : |b Пруд (анализ) / |c Angéla Székely |
| 260 | |c 1990 | ||
| 650 | 4 | |a Bölcsészettudományok | |
| 650 | 4 | |a Humanities | |
| 650 | 4 | |a Languages and Literature | |
| 700 | 1 | |a Szőke Katalin |e ths | |
| 856 | 4 | 0 | |u https://diploma.bibl.u-szeged.hu/id/eprint/133273/1/1990_szekely_angela.pdf |z Dokumentum-elérés |